| 000 | 00583nam a2200205 4500 | ||
|---|---|---|---|
| 001 | 127548 | ||
| 003 | ES-MaACL | ||
| 005 | 20260210161953.0 | ||
| 007 | t| | ||
| 008 | 070214s1960 sp r ||||1| spa d | ||
| 100 | 1 |
_aRisueño, Antonio. _997477 |
|
| 245 | 1 | 0 |
_aMotocultivo / _cAntonio Risueño. |
| 250 | _a1ª ed. | ||
| 260 |
_aBarcelona [etc.] : _bSalvat, _c1960. |
||
| 300 |
_aX, 614 p., 11 lám. : _bil. ; _c23 cm. |
||
| 490 | 1 | _aCol. Agrícola Salvat | |
| 830 | 0 |
_aColección agrícola Salvat _9181203 |
|
| 852 |
_aES-MaACL _jC-18391 _bR.46200 |
||
| 999 |
_c127548 _d127548 |
||